Business Law Brief

Detalles Bibliográficos
Autor Corporativo: American University Washington College of Law Business Law Brief
Formato: Desconocido
Lenguaje:inglés
Publicado: Washington : The American University Washington College of Law Business Law Brief
Materias:
Acceso en línea:Acceso restringido

MARC

LEADER 00000ny a22000003n 4500
005 20110510130528.0
008 080822s2004 it zn s 000 b0eng c
035 |a 2141 
040 |a UMA.RE  |d vLex 
080 |a 347.7(051)(0.034) 
090 |c 1536  |d 1536 
245 3 0 |a Business Law Brief  |h [Recurso electrn̤ico] 
256 |a Servicio en ln̕ea 
260 |a Washington :  |b The American University Washington College of Law Business Law Brief 
310 |a Irregular 
650 0 4 |a Derecho mercantil  |x Publicaciones perid̤icas 
650 0 4 |a Fuentes del derecho mercantil 
710 2 |a American University Washington College of Law Business Law Brief 
740 0 |a vLex Revista (Servicios en ln̕ea) 
853 |8 1  |i (year)  |j (month)  |k (day) 
856 4 0 |u http://vlex.com/source/2141  |z Acceso restringido 
942 |c REV